[Event "AUTO-ADV-4822"]
[Site "http://www.queenalice.com/game.php?id=1846300"]
[Date "2024.10.27"]
[Round "1"]
[White "carlitomontana93270"]
[Black "askasl159"]
[Result "0-1"]
[WhiteElo "1919"]
[BlackElo "1818"]

1. c4 e5 2. d3 b5 3. cxb5 a6 4. bxa6 Bxa6 5. e4 Nf6 6. g3 h6 7. Bg2 Bc5 8. Nf3
Nc6 9. O-O d5 10. Nc3 d4 11. Ne2 O-O 12. a3 Ra7 13. Qc2 Qd6 14. b4 Bb6 15. Bd2
Rfa8 16. Rfc1 Bb5 17. a4 Bxa4 18. Qb2 Bb5 19. Rxa7 Rxa7 20. Qc2 Nxb4 21. Qb1
Nxd3 22. Rd1 Ba4 23. Rf1 Nc5 24. Nh4 d3 25. Nc3 Qc6 26. Nf5 Kf8 27. Nxa4 Rxa4
28. Rc1 Nfd7 29. Nd4 Rxd4 30. Qb2 Qa4 31. Ra1 Qb3 32. Qc1 Nxe4 33. Qc6 Nxd2 34.
Qxd7 Rxd7 0-1

[Event "AUTO-ADV-4822"]
[Site "http://www.queenalice.com/game.php?id=1846308"]
[Date "2024.10.27"]
[Round "1"]
[White "Erlofabr"]
[Black "carlitomontana93270"]
[Result "0-1"]
[WhiteElo "1694"]
[BlackElo "1859"]

1. d4 e6 2. e4 c5 3. Nf3 cxd4 4. Qxd4 Nc6 5. Qd3 g6 6. Qc3 Qf6 7. e5 Qe7 8. Bg5
Qb4 9. h4 Qxc3+ 10. Nxc3 Bg7 11. Nb5 Rb8 12. Nc7+ Kf8 13. O-O-O Nxe5 14. Nxe6+
fxe6 15. Bf4 Ne7 16. Bxe5 Bxe5 17. Nxe5 Kg7 18. Bc4 a6 19. h5 d5 20. h6+ Kf6 21.
Ng4+ Kf7 22. Bb3 b5 23. Rd3 Nf5 24. Rf3 Bb7 25. Ne5+ Ke7 26. g4 Nd6 27. g5 d4
28. Rf6 Nc4 29. Rf7+ Kd6 30. Nd7 Rbd8 31. Nf6 Bxh1 32. c3 dxc3 33. Ne4+ Bxe4 34.
a4 cxb2+ 35. Kd1 b1=Q+ 36. Ke2 Qxb3 37. f3 Qc2+ 38. Ke1 Bd3 0-1

[Event "AUTO-ADV-4827"]
[Site "http://www.queenalice.com/game.php?id=1847674"]
[Date "2024.11.24"]
[Round "1"]
[White "Shizumaru_Hisame"]
[Black "carlitomontana93270"]
[Result "1-0"]
[WhiteElo "1991"]
[BlackElo "1868"]

1. e4 c5 2. Bc4 e6 3. d4 cxd4 4. Qxd4 Nc6 5. Qd1 g6 6. Nf3 Bg7 7. c3 Nf6 8. Bg5
O-O 9. e5 Nxe5 10. Nxe5 Qc7 11. Nxg6 fxg6 12. Bb3 Qe5+ 13. Be3 d5 14. O-O Bd7
15. Nd2 Bb5 16. Re1 Qf5 17. c4 Bc6 18. Bd4 e5 19. Rxe5 Qd7 20. cxd5 Nxd5 21. Re4
Qf5 22. Qe1 Qg5 23. Nf1 Kh8 24. Bxg7+ Kxg7 25. Ng3 Nf4 26. Re7+ Kh8 27. f3 Rfe8
28. Qc3+ 1-0

[Event "AUTO-ADV-4827"]
[Site "http://www.queenalice.com/game.php?id=1847675"]
[Date "2024.11.24"]
[Round "1"]
[White "carlitomontana93270"]
[Black "Shizumaru_Hisame"]
[Result "0-1"]
[WhiteElo "1857"]
[BlackElo "2002"]

1. c4 d5 2. d3 dxc4 3. d4 Nd7 4. e3 Nb6 5. g3 e5 6. Nf3 exd4 7. Nxd4 c5 8. Nb5
Qxd1+ 9. Kxd1 Bg4+ 10. Be2 O-O-O+ 11. Bd2 Bxe2+ 12. Kxe2 Kb8 13. N1c3 Nf6 14.
Rhd1 a6 15. Na3 Bd6 16. Rab1 Bc7 17. Be1 Rxd1 18. Rxd1 h5 19. f3 h4 20. Bf2 hxg3
21. hxg3 Rh2 22. f4 Ng4 23. Ne4 f5 24. Ke1 fxe4 25. Rd2 Rh3 26. Nc2 Na4 27. b3
cxb3 28. axb3 Nb2 29. Rd7 Nd3+ 30. Kf1 Ndxf2 31. Rxg7 Rxg3 0-1

[Event "AUTO-ADV-4827"]
[Site "http://www.queenalice.com/game.php?id=1847698"]
[Date "2024.11.24"]
[Round "1"]
[White "carlitomontana93270"]
[Black "maurice916"]
[Result "1-0"]
[WhiteElo "1861"]
[BlackElo "1946"]

1. c4 c6 2. d3 g6 3. g3 Bg7 4. Bg2 d5 5. cxd5 cxd5 6. Nf3 f6 7. O-O Nc6 8. Nc3
e5 9. Qb3 Nge7 10. Nd2 Be6 11. Qxb7 Rb8 12. Qa6 Rb6 13. Qa3 O-O 14. b3 Qc8 15.
Qb2 f5 16. Qc2 Na5 17. Nf3 d4 18. Bd2 dxc3 19. Be3 Rd6 20. Bxa7 e4 21. dxe4 f4
22. Rac1 Ra6 23. Bd4 Bh3 24. Bxg7 Kxg7 25. Bxh3 Qxh3 26. Qxc3+ Kh6 27. Qe5 fxg3
28. Qg5+ Kg7 29. Qxe7+ Rf7 30. Qe5+ Kh6 31. Qg5+ Kg7 32. Qxg3 Qxg3+ 33. fxg3 Nb7
34. a4 Nd6 35. e5 Nf5 36. Rfd1 Ne3 37. Rd6 Raa7 38. e6 Rfe7 39. Nd4 Ra5 40. Nc6
Rc7 41. Rd7+ Rxd7 42. exd7 Ra8 43. d8=Q Rxd8 44. Nxd8 1-0

[Event "AUTO-ADV-4827"]
[Site "http://www.queenalice.com/game.php?id=1847699"]
[Date "2024.11.24"]
[Round "1"]
[White "maurice916"]
[Black "carlitomontana93270"]
[Result "1-0"]
[WhiteElo "1854"]
[BlackElo "1895"]

1. Nf3 c5 2. b3 d6 3. Bb2 e6 4. e3 g6 5. Bxh8 e5 6. Nxe5 dxe5 7. Bxe5 Nc6 8. Bb2
Bf5 9. a3 Qc7 10. d3 O-O-O 11. Nc3 Bd6 12. e4 Be6 13. Nb5 Qb8 14. Nxd6+ Qxd6 15.
Be2 Nge7 16. Qd2 Rd7 17. O-O-O Nd4 18. Kb1 Nxe2 19. Qxe2 Nc6 20. Rhe1 Qxh2 21.
f3 Qd6 22. e5 Qe7 23. g4 f5 24. gxf5 Bxf5 25. Ka1 b6 26. f4 Kb7 27. Rd2 Qe6 28.
Bc3 h5 29. d4 cxd4 30. Bb2 h4 31. Qc4 Rd5 32. b4 h3 33. c3 b5 34. Qb3 d3 35. a4
bxa4 36. Qxa4 h2 37. c4 Rd7 38. Qb5+ Kc8 39. Rxh2 Rd8 40. Qa6+ Kc7 41. Bc3 Kb8
42. Rb2 Ka8 43. b5 d2 44. Rxd2 Rxd2 45. Bxd2 Qxc4 46. Qxc6+ Qxc6 47. bxc6 Kb8
48. Ba5 Kc8 49. Kb2 a6 50. Rh1 Kb8 51. Rh8+ Ka7 52. Rf8 1-0

[Event "AUTO-ADV-4829"]
[Site "http://www.queenalice.com/game.php?id=1848114"]
[Date "2024.12.1"]
[Round "1"]
[White "ThiagoBrumN"]
[Black "carlitomontana93270"]
[Result "1-0"]
[WhiteElo "1769"]
[BlackElo "1864"]

1. e4 c5 2. Nf3 d6 3. Bc4 e6 4. O-O g6 5. Nc3 Bg7 6. d4 cxd4 7. Bb5+ Nc6 8. Ne2
Nf6 9. Bg5 O-O 10. Nexd4 Nxd4 11. Nxd4 Qb6 12. a4 e5 13. Nf3 a6 14. Bd3 Qxb2 15.
Rb1 Qa3 16. Ra1 Qc5 17. Be3 Qc6 18. Kh1 Bg4 19. h3 Be6 20. Qd2 Bc4 21. Rac1 Bxd3
22. cxd3 Qxa4 23. Bg5 b5 24. Ra1 Qb4 25. Qxb4 Rfd8 26. Rfc1 Rac8 27. Rxa6 Rb8
28. Kh2 Rd7 29. Rxd6 1-0

[Event "AUTO-ADV-4829"]
[Site "http://www.queenalice.com/game.php?id=1848115"]
[Date "2024.12.1"]
[Round "1"]
[White "carlitomontana93270"]
[Black "ThiagoBrumN"]
[Result "1-0"]
[WhiteElo "1851"]
[BlackElo "1782"]

1. c4 e5 2. d3 Nf6 3. g3 Bc5 4. e3 O-O 5. Bg2 d5 6. cxd5 Nxd5 7. Nf3 Bg4 8. Nbd2
Nc6 9. O-O Re8 10. a3 a6 11. h3 Bh5 12. b4 f5 13. bxc5 Nf6 14. Bb2 Qd7 15. Qb3+
Kh8 16. Nc4 Bf7 17. Qc2 e4 18. dxe4 fxe4 19. Nfd2 Rad8 20. Nxe4 Nxe4 21. Bxe4
Qxh3 22. Qc3 Rg8 23. Bg2 Qh6 24. Rad1 Rde8 25. Rd7 Be6 26. Rxc7 b5 27. Nd6 Rd8
28. Bxc6 Bh3 29. Nf7# 1-0

[Event "AUTO-ADV-4829"]
[Site "http://www.queenalice.com/game.php?id=1848126"]
[Date "2024.12.1"]
[Round "1"]
[White "Givanildo"]
[Black "carlitomontana93270"]
[Result "0-1"]
[WhiteElo "1638"]
[BlackElo "1904"]

1. d4 e6 2. Bf4 c5 3. e3 cxd4 4. Qxd4 Nc6 5. Qc4 d5 6. Qa4 Bd7 7. Bb5 Nf6 8. h3
g6 9. Ne2 Bg7 10. Nbc3 O-O 11. O-O a6 12. Bxc6 Bxc6 13. Qb3 b5 14. Nd4 Bb7 15.
a4 Qd7 16. axb5 axb5 17. Ncxb5 Bc6 0-1

[Event "AUTO-ADV-4829"]
[Site "http://www.queenalice.com/game.php?id=1848127"]
[Date "2024.12.1"]
[Round "1"]
[White "carlitomontana93270"]
[Black "Givanildo"]
[Result "1-0"]
[WhiteElo "1898"]
[BlackElo "1644"]

1. c4 d5 2. cxd5 Qxd5 3. Nc3 Qe5 4. Nf3 Qd6 5. g3 Bf5 6. Bg2 e6 7. O-O Nh6 8. d3
Be7 9. e4 Bg6 10. Bxh6 gxh6 11. Qd2 O-O 12. Qxh6 Bf6 13. Qe3 Nd7 14. Rfe1 Bg7
15. Rac1 h6 16. Nh4 Bh7 17. Nf3 Ne5 18. Nxe5 1-0

[Event "AUTO-ADV-4829"]
[Site "http://www.queenalice.com/game.php?id=1848134"]
[Date "2024.12.1"]
[Round "1"]
[White "carlitomontana93270"]
[Black "SGF"]
[Result "0-1"]
[WhiteElo "1886"]
[BlackElo "1671"]

1. c4 e5 2. d3 Bb4+ 3. Bd2 Bxd2+ 4. Nxd2 a5 5. g3 Qf6 6. Ngf3 b6 7. Bg2 Bb7 8.
O-O g5 9. Qc1 h5 10. Qc3 d6 11. Ne1 Bxg2 12. Nxg2 h4 13. Ne4 Qf5 14. Ne3 Qh3 15.
Nxg5 Qd7 16. d4 hxg3 17. fxg3 f6 18. Nf3 e4 19. Nh4 Qg7 20. Nd5 Na6 21. Qe3 Rxh4
22. Rf4 Rxf4 23. Qxf4 O-O-O 24. Qxe4 Kb8 25. Rf1 Nb4 26. Nc3 Ne7 27. a3 Nbc6 28.
d5 Ne5 29. Nb5 f5 30. Qh4 Rh8 31. Qd4 Nc8 32. b4 axb4 33. axb4 Na7 34. Na3 Nf3+
35. exf3 Qxd4+ 36. Kg2 Qb2+ 37. Kg1 Qxh2# 0-1

[Event "AUTO-ADV-4829"]
[Site "http://www.queenalice.com/game.php?id=1848135"]
[Date "2024.12.1"]
[Round "1"]
[White "SGF"]
[Black "carlitomontana93270"]
[Result "1-0"]
[WhiteElo "1738"]
[BlackElo "1881"]

1. e4 c5 2. Qf3 d6 3. d3 g6 4. h4 Nf6 5. Be2 Bg7 6. Qg3 Nc6 7. c3 Ng8 8. h5 Be5
9. f4 Bf6 10. hxg6 fxg6 11. f5 g5 12. Bxg5 Bd7 13. Bxf6 Nxf6 14. Qg7 Rg8 15.
Bh5+ 1-0

[Event "AUTO-ADV-4830"]
[Site "http://www.queenalice.com/game.php?id=1848406"]
[Date "2024.12.7"]
[Round "1"]
[White "Castling"]
[Black "carlitomontana93270"]
[Result "1-0"]
[WhiteElo "1615"]
[BlackElo "1877"]

1. e4 c5 2. Bc4 e6 3. Nc3 g6 4. Nf3 Bg7 5. e5 Nc6 6. a3 Nh6 7. h3 O-O 8. d3 a6
9. Be3 Nxe5 10. Nxe5 Bxe5 11. Bxh6 Bg7 12. Qd2 Qh4 13. Bxg7 Kxg7 14. O-O-O d5
15. g3 Qe7 16. Ba2 d4 17. Ne4 f5 18. Qg5 Qxg5+ 19. Nxg5 h6 20. Nxe6+ Kf7 21.
Nc7+ Kf6 22. Nxa8 Rf7 23. Bxf7 Kxf7 24. Rhe1 Kf6 25. Nb6 Be6 26. f4 g5 27. Re5
Bf7 28. Rde1 Kg6 29. Rxc5 h5 30. Rc7 gxf4 31. gxf4 Bd5 32. Nxd5 a5 33. Re6# 1-0

[Event "AUTO-ADV-4830"]
[Site "http://www.queenalice.com/game.php?id=1848407"]
[Date "2024.12.7"]
[Round "1"]
[White "carlitomontana93270"]
[Black "Castling"]
[Result "1-0"]
[WhiteElo "1854"]
[BlackElo "1636"]

1. c4 e5 2. d3 Bb4+ 3. Bd2 Nc6 4. g3 d6 5. Bg2 Bxd2+ 6. Nxd2 Bg4 7. Ngf3 h6 8.
O-O Nf6 9. h3 Bh5 10. Qb3 Rb8 11. Rfe1 O-O 12. e3 a6 13. Qc2 Nb4 14. Qc3 c5 15.
a3 Nc6 16. b4 Nd7 17. Ne4 Nf6 18. Nxf6+ Qxf6 19. Nh2 Ne7 20. bxc5 dxc5 21. Rab1
Nc6 22. g4 Bg6 23. e4 Nd4 24. Qa5 Rfd8 25. Qxc5 Ne6 26. Qe3 Nd4 27. Rb2 Qd6 28.
Reb1 Rd7 29. Nf3 Ne6 30. Bf1 Qxa3 31. Rb3 Qc5 32. Qe2 Nd4 33. Nxd4 Qxd4 34. Qb2
Qxb2 35. R1xb2 b5 36. cxb5 Rxb5 37. Rxb5 axb5 38. Rxb5 f6 39. Kg2 Bf7 40. Kf3
Kh7 41. h4 g5 42. h5 Rd4 43. Rb7 Kg8 44. Ke3 Kg7 45. Be2 Kg8 46. Bd1 Rd8 47. Rb6
Kg7 48. Bb3 Rd7 49. Bxf7 Kxf7 50. Rb4 Ke6 51. d4 exd4+ 52. Rxd4 Rxd4 53. Kxd4
Kd6 54. f3 Ke6 55. e5 fxe5+ 56. Ke4 Kf6 57. Kd5 e4 58. fxe4 Ke7 59. Ke5 Kf7 60.
Kf5 Kg7 61. Ke6 Kh7 62. Kf7 Kh8 63. e5 1-0

[Event "AUTO-ADV-4830"]
[Site "http://www.queenalice.com/game.php?id=1848420"]
[Date "2024.12.7"]
[Round "1"]
[White "Canaye14"]
[Black "carlitomontana93270"]
[Result "1-0"]
[WhiteElo "1951"]
[BlackElo "1909"]

1. d4 e6 2. Nf3 d5 3. Bf4 Nf6 4. h3 g6 5. e3 Bg7 6. c4 dxc4 7. Bxc4 O-O 8. Nc3
Nc6 9. O-O a6 10. Re1 Nh5 11. Bh2 Bd7 12. a3 Na5 13. Ba2 Nc6 14. Rc1 Nf6 15. e4
e5 16. dxe5 Ne8 17. Qc2 Qe7 18. Nd5 Qd8 19. Bb1 Ne7 20. h4 Bg4 21. Nd4 c6 22.
Nxe7+ Qxe7 23. f3 Bd7 24. f4 Qxh4 25. Nf3 Qe7 26. b4 Bg4 27. Nd2 Nc7 28. Nb3
Rfd8 29. Nc5 Ne6 30. Nxe6 Qxe6 31. Ba2 Qc8 32. Bg3 Rd7 33. f5 Qd8 34. e6 Rd2 35.
exf7+ Kh8 36. Qb3 Qd4+ 37. Kh2 Rxg2+ 38. Kxg2 Qd2+ 39. Kh1 Bf3+ 40. Qxf3 Qxa2
41. e5 Qxf7 42. Rcd1 h5 43. f6 Bf8 44. e6 Qe8 45. e7 Bh6 46. f7 Qd7 47. Qf6+ Bg7
48. Qxg7+ Kxg7 49. Rxd7 Kxf7 50. e8=Q+ Kf6 51. Qe5# 1-0

[Event "AUTO-ADV-4830"]
[Site "http://www.queenalice.com/game.php?id=1848421"]
[Date "2024.12.7"]
[Round "1"]
[White "carlitomontana93270"]
[Black "Canaye14"]
[Result "1-0"]
[WhiteElo "1880"]
[BlackElo "1924"]

1. c4 e6 2. d3 d5 3. cxd5 exd5 4. g3 Nf6 5. Bg2 Be7 6. Nf3 c5 7. O-O Nc6 8. Bg5
h6 9. Bd2 O-O 10. Nc3 Re8 11. Qc1 Kh7 12. Nh4 Nd4 13. e3 Nc6 14. Qc2 Ne5 15. Nf3
Nxf3+ 16. Bxf3 a6 17. Qb3 d4 18. exd4 cxd4 19. Ne4 b6 20. Qxf7 Bf5 21. Qb3 b5
22. Rfe1 Nd5 23. Qc2 Rc8 24. Qd1 Nb4 25. Qe2 Nc2 26. Bf4 Nxa1 27. Rxa1 Bc5 28.
Qd2 Qb6 29. Rc1 Bb4 30. Qd1 Rxc1 31. Qxc1 Rc8 32. Qd1 g5 33. Be5 Kg6 34. Bh5+
Kh7 35. Nf6+ Kg7 36. Nd7+ 1-0

[Event "Rasumichin"]
[Site "http://www.queenalice.com/game.php?id=1850750"]
[Date "2025.1.22"]
[Round "3"]
[White "Rasumichin"]
[Black "carlitomontana93270"]
[Result "0-1"]
[WhiteElo "1665"]
[BlackElo "1842"]

1. e4 c5 2. Nf3 d6 3. d4 cxd4 4. Nxd4 e5 5. Nb5 a6 6. N5c3 Nf6 7. Bg5 Nbd7 8.
Nd5 g6 9. Nbc3 Bg7 10. Qf3 O-O 11. Bc4 b5 12. Bb3 Bb7 13. O-O Bxd5 14. Nxd5 h6
15. Bh4 g5 16. Bg3 Nb6 17. Rad1 Nbxd5 18. exd5 g4 19. Qf5 h5 20. Rfe1 Qd7 21.
Qxd7 Nxd7 22. c3 Nc5 23. Bc2 f5 24. b4 Nd7 25. Bb3 Bf6 26. a4 f4 27. a5 fxg3 28.
f3 gxh2+ 29. Kxh2 Bg5 30. Bc2 Bf4+ 31. Kg1 g3 32. Be4 Rac8 33. Rd3 Nf6 34. Kf1
Kg7 35. Ke2 h4 36. Bf5 Rc7 37. Rh1 Rh8 38. Be6 Kg6 39. Bh3 Bg5 40. Rf1 Rhc8 41.
Bxc8 Rxc8 42. Rfd1 Nh5 43. Kf1 Nf4 44. Re3 Nxg2 45. Kxg2 Bxe3 46. Rd3 Bf4 47.
Kh3 Kg5 48. Kg2 Rh8 49. Rd1 h3+ 50. Kh1 Rc8 51. Rd3 g2+ 52. Kg1 Kh4 53. Kf2 Rg8
54. Rd1 h2 0-1

[Event "AUTO-ADV-4801"]
[Site "http://www.queenalice.com/game.php?id=1851057"]
[Date "2025.1.25"]
[Round "2"]
[White "carlitomontana93270"]
[Black "Danado"]
[Result "1-0"]
[WhiteElo "1861"]
[BlackElo "1635"]

1. c4 e5 2. d3 h6 3. g3 Nf6 4. Bg2 Bb4+ 5. Bd2 Bxd2+ 6. Qxd2 O-O 7. Nf3 Nc6 8.
O-O Qe7 9. Nc3 d6 10. Nd5 Nxd5 11. cxd5 Nd4 12. Nxd4 exd4 13. Rfe1 c5 14. b4
cxb4 15. Qxb4 Rd8 16. Qxd4 b6 17. e4 Bb7 18. Rec1 Rac8 19. Bh3 Rc5 20. Rab1
Rxc1+ 21. Rxc1 f6 22. Be6+ Kf8 23. Qc4 Qe8 24. Qc7 Ba6 25. Qxa7 Bc8 26. Bxc8
Rxc8 27. Rc7 b5 28. Qb6 Kg8 29. Qxd6 b4 30. Rxc8 Qxc8 31. Qe6+ 1-0

[Event "AUTO-ADV-4801"]
[Site "http://www.queenalice.com/game.php?id=1851058"]
[Date "2025.1.25"]
[Round "2"]
[White "Danado"]
[Black "carlitomontana93270"]
[Result "0-1"]
[WhiteElo "1647"]
[BlackElo "1868"]

1. e4 c5 2. Nc3 d6 3. Bc4 e6 4. Nf3 g6 5. d4 Bg7 6. Bg5 Nf6 7. Bxf6 Qxf6 8. e5
dxe5 9. dxe5 Qf4 10. Qe2 O-O 11. Qe4 Qxe4+ 12. Nxe4 Nc6 13. Nxc5 b6 14. Ne4 Nxe5
15. Nxe5 Bxe5 16. c3 Bb7 17. Nf6+ Bxf6 18. O-O Bd5 19. Bxd5 exd5 20. Rad1 Rad8
21. Rd2 d4 22. cxd4 Rxd4 23. Rxd4 Bxd4 24. b3 Re8 25. g3 Re2 26. Kg2 Rxa2 27. g4
Rxf2+ 28. Rxf2 Bxf2 29. Kxf2 a5 30. Ke3 b5 31. Kd4 a4 32. bxa4 bxa4 33. Kc3 Kg7
34. Kb4 Kh6 35. Kxa4 Kg5 36. Kb3 Kh4 37. Kc3 Kxg4 38. Kd4 f5 39. Ke3 Kh3 40. Kf3
Kxh2 41. Kf2 g5 42. Kf1 g4 43. Ke2 g3 44. Kf1 g2+ 45. Kf2 g1=Q+ 46. Kf3 Qd4 47.
Ke2 Qc3 48. Kf1 Qc2 49. Ke1 Kg3 50. Kf1 Qd2 51. Kg1 Qe1# 0-1

[Event "AUTO-ADV-4849"]
[Site "http://www.queenalice.com/game.php?id=1853052"]
[Date "2025.2.28"]
[Round "1"]
[White "shmurtz91"]
[Black "carlitomontana93270"]
[Result "1-0"]
[WhiteElo "1891"]
[BlackElo "1857"]

1. d4 e6 2. Nf3 c5 3. e4 cxd4 4. Nxd4 e5 5. Nf5 g6 6. Ng3 Bg7 7. Nc3 Nf6 8. Bg5
O-O 9. Bc4 a6 10. Nd5 d6 11. Qd2 Nbd7 12. O-O b5 13. Bh6 Nxd5 14. Bxd5 Rb8 15.
f4 Qb6+ 16. Kh1 Nf6 17. fxe5 dxe5 18. Bxg7 Kxg7 19. Qg5 h6 20. Qxe5 Re8 21. Qf4
Bb7 22. Rae1 Bxd5 23. exd5 Qa5 24. Qxf6+ Kh7 25. Qxf7+ Kh8 26. Rxe8+ Rxe8 27.
Qxe8+ 1-0

[Event "AUTO-ADV-4849"]
[Site "http://www.queenalice.com/game.php?id=1853064"]
[Date "2025.2.28"]
[Round "1"]
[White "JailtonMaster"]
[Black "carlitomontana93270"]
[Result "1-0"]
[WhiteElo "2069"]
[BlackElo "1865"]

1. e4 c5 2. Nf3 d6 3. d4 cxd4 4. Nxd4 e5 5. Nb3 g6 6. Bc4 Bg7 7. O-O Nf6 8. Nc3
O-O 9. Bg5 Nbd7 10. Nd5 h6 11. Bh4 g5 12. Bg3 Nb6 13. Nxb6 Qxb6 14. Re1 Bg4 15.
Qd2 Qc6 16. Bd3 Rac8 17. Na5 Qc7 18. c4 Be6 19. Rac1 b6 20. Nb3 Nh5 21. Re3 a5
22. Qd1 Nxg3 23. Rxg3 a4 24. Nd2 b5 25. Qe2 bxc4 26. Bxc4 Bxc4 27. Rxc4 Qd7 28.
Rgc3 Rxc4 29. Nxc4 d5 30. Nb6 Qe6 31. Nxd5 Rc8 32. Rxc8+ Qxc8 33. Ne7+ 1-0

[Event "AUTO-ADV-4849"]
[Site "http://www.queenalice.com/game.php?id=1853065"]
[Date "2025.2.28"]
[Round "1"]
[White "carlitomontana93270"]
[Black "JailtonMaster"]
[Result "0-1"]
[WhiteElo "1875"]
[BlackElo "2015"]

1. c4 Nf6 2. d3 e5 3. e3 Bb4+ 4. Bd2 Bxd2+ 5. Qxd2 O-O 6. g3 c6 7. Bg2 d5 8.
cxd5 cxd5 9. Nf3 e4 10. Nd4 Nc6 11. Ne2 Qe7 12. O-O Bg4 13. h3 Bxe2 14. Qxe2 Nb4
15. dxe4 dxe4 16. Nc3 Rfe8 17. Qc4 Rac8 18. Qb3 Rcd8 19. a3 Nd3 20. Ne2 Rd6 21.
Nd4 Rb6 22. Qa4 Nxb2 23. Qxa7 Ra6 24. Nb5 Rxa7 25. Nxa7 Qc5 0-1